Statistics for Famous football players

Click here to take the quiz!

General Stats

  • This quiz has been taken 63 times
  • The average score is 14 of 16

Answer Stats

Answer% Correct
David Beckham
98%
Lionel Messi
98%
Mohamed Salah
98%
Zinedine Zidane
98%
Zlatan Ibrahimović
98%
Diego Maradona
97%
Luis Suárez
93%
Didier Drogba
90%
Jamie Vardy
88%
Paolo Maldini
79%
Eric Cantona
78%
Miroslav Klose
78%
Francesco Totti
76%
Luís Figo
76%
Peter Schmeichel
76%
Carlos Valderrama
53%

Score Distribution

Percentile by Number Answered

Percent of People with Each Score

Your Score History

You have not taken this quiz